| 000 | 00516nam a2200193Ia 4500 | ||
|---|---|---|---|
| 008 | 131103s9999 xx 000 0 und d | ||
| 020 | _cRs.3.00 | ||
| 040 | _aLoreto College | ||
| 041 | _aEnglish | ||
| 082 |
_aREF3 _blcbed/11186 |
||
| 100 | _aChopra, P. N. | ||
| 245 |
_aIndia's struggle for freedom _cP. N. Chopra |
||
| 260 |
_aNew Delhi _bMinistry of Information and Broadcasting _c1984 |
||
| 300 |
_a69p. _c 18cm. |
||
| 440 | _aBooks for millions | ||
| 650 | _aREF3 | ||
| 850 | _aLCBED/REF3 | ||
| 942 | _cBK | ||
| 999 |
_c33362 _d83841 |
||